Statistics for Engineering Fields

Click here to take the quiz!

General Stats

  • This quiz has been taken 334 times
    (135 since last reset)
  • The average score is 16 of 85

Answer Stats

Example CourseOffered byProgram Field% Correct
Machine DesignAbu Dhabi University (UAE)Mechanical
92%
FoundationsHoward University (USA)Civil
85%
Introduction to Logic DesignBoston University (USA)Electrical
85%
AerodynamicsArizona State University (USA)Aerospace
74%
Phase & Reaction EquilibriaAuburn University (USA)Chemical
74%
Electric CircuitsMichigan Technological University (USA)Computer
64%
Imaging Techniques in RadiologyDrexel University (USA)Biomedical
62%
Crop Production SystemsHoly Spirit University of Kaslik (Lebanon)Agricultural
49%
Sustainable DesignBucknell University (USA)Environmental
49%
Propulsion SystemsRensselaer Polytechnic Institute (USA)Aeronautical
44%
Metal & AlloysUniversity of Kentucky (USA)Materials
44%
Radioisotope ApplicationsKing Abdulaziz University (Saudi Arabia)Nuclear
41%
Operating SystemsRose-Hulman Institute of Technology (USA)Software
39%
Probabilistic Operations ResearchClemson University (USA)Industrial
36%
Tissue BiomechanicsUniversity of Idaho (USA)Biological
35%
Plumbing & Electrical SystemsUniversity of Wyoming (USA)Architectural
32%
Circuit DesignPrincess Sumaya University for Technology (Jordan)Electronic
32%
Sensors & InstrumentationUniversity of Jordan (Jordan)Mechatronics
32%
Reservoir GeomechanicsKuwait University (Kuwait)Petroleum
32%
Spatial VisualizationUniversity of California, San Diego (USA)Structural
31%
Environmental MonitoringTsinghua University (China)Water Supply and Wastewater
30%
Human-Machine InteractionUniversity of Arizona (USA)Systems
27%
Introdutory Quantum MechanicsUniversity of Kansas (USA)Physics
26%
Computer VisionWorcester Polytechnic Institute (USA)Robotics
26%
Subsurface HydrologyUniversity of Alaska Fairbanks (USA)Geological
25%
VentilationUniversity of Utah (USA)Mining
25%
Engine Airflow AnalysisFerris State University (USA)Automotive
23%
Heat TransferUniversity of California, Davis (USA)Biochemical
20%
Steam TurbinesMaine Maritime Academy (USA)Marine
19%
Ship DesignEscuela Superior Politecnica Del Litoral (Ecuador)Naval
19%
SteelmakingSouth Dakota School of Mines and Technology (USA)Metallurgical
18%
Lasers & PhotonicsNorfolk State University (USA)Optical
18%
VibrationsUniversity of Hartford (USA)Acoustical and Music
17%
Electromagnetic WavesUnited Arab Emirates University (UAE)Communication
17%
Electric Power ConversionOhio University (USA)Energy
17%
Digital CircuitsKazakh-British Technical University (Kazakhstan)Automation and Control
15%
Linux System AdministrationNew Mexico State University (USA)Information
15%
Railroad OperationsPennsylvania State University, Altoona Campus (USA)Rail Transportation
15%
Introduction to InfrastructureMarquette University (USA)Construction
13%
Lean Production SystemsBradley University (USA)Manufacturing
13%
Basic MeasurementsLouisiana Tech University (USA)Nanosystems
12%
Underwater AcousticsFlorida Atlantic University (USA)Ocean
12%
EcohydrologyOregon State University (USA)Ecological
10%
Advanced Life Safety AnalysisUniversity of Maryland College Park (USA)Fire Protection
9%
DendrologyOregon State University (USA)Forest
9%
Pulping & BleachingWestern Michigan University (USA)Paper
9%
Nuclear Detection & IsotopesTexas A&M University (USA)Radiological Health
9%
Master ProductionBelmont University (USA)Audio
8%
Cell Biology & GeneticsJohns Hopkins University (USA)Biomolecular
8%
Characterization of Inorganic SolidsMissouri University of Science and Technology (USA)Ceramic
8%
Hydrocarbon MeasurementTexas A&M University - Kingsville (USA)Natural Gas
8%
Regression AnalysisUniversidad Nacional de Ingenieria (Peru)Statistical
8%
Computer NetworksUniversity of Texas at Dallas (USA)Telecommunications
8%
Aqueous Corrosion PreventionThe University of Akron (USA)Corrosion
7%
Basics of AgricultureMiddle East Technical University (Turkey)Food
7%
OptoeletronicsUniversity of Central Florida (USA)Photonic Science
7%
Satellite CommunicationsUnited States Air Force Academy (USA)Astronautical
6%
Database FundamentalsUniversidad de la Sabana (Colombia)Informatics
5%
Introduction to Atmospheric SciencesIstanbul Technical University (Turkey)Meteorological
5%
Critical Infrastructure ProtectionGeorge Mason University (USA)Cyber Security
4%
Control SystemsOklahoma State University Institute of Technology (USA)Instrumentation
4%
Video & PhotographyUniversidad de San Buenaventura - Cali (Colombia)Multimedia
4%
Organic ChemistryUniversity of Southern Mississippi (USA)Polymer
4%
BioseparationsState University of New York College of Environmental Science and Forestry (USA)Bioprocess
3%
Principals of Architectural DesignAn-Najah National University (Palestine)Building
3%
Digital MappingCalifornia State University, Fresno (USA)Geomatics
3%
Mechanics of MaterialsMinnesota State University, Mankato (USA)Iron Range
3%
Computer Graphics & VisualizationOld Dominion University (USA)Modeling and Simulation
3%
Vehicle DynamicsIndiana University (USA)Motorsports
3%
CompositesPittsburgh State University (USA)Plastics
3%
PhotogrammetryPennsylvania State University (USA)Surveying
3%
Foundations of GraphicsNorth Carolina State University at Raleigh (USA)Textile
3%
Thermal Processes in MaterialsAlfred University (USA)Glass
2%
Semiconductor Process IntegrationRochester Institute of Technology (USA)Microelectronic
2%
Air Quality ModelingRutgers, The State University of New Jersey (USA)Bioenvironmental
1%
Natural Products ChemistryUniversity of Washington (USA)Bioresource
1%
Introduction to Ship SystemsState University of New York Maritime College (USA)Facilities
1%
Digital Terrain ModelUniversitas Gadjah Mada (Indonesia)Geodetic
1%
Introductory MacroeconomicsGrand Valley State University (USA)Interdisciplinary
1%
Industrial SupervisionIndiana State University (USA)Packaging
1%
HydrologyBatangas State University (Philippines)Sanitary
1%
Structural TransformationsOhio State University (USA)Welding
1%
Seismic InterpretationColorado School of Mines (USA)Geophysical
0%
Transmission SystemsUniversidad Politecnica de Madrid (Spain)Telematics
0%
Radio ChannelsMongolian University of Science and Technology (Mongolia)Wireless Communications
0%

Score Distribution

Percentile by Number Answered

Percent of People with Each Score

Your Score History

You have not taken this quiz since the last reset